<?xml version="1.0" encoding="UTF-8"?>
<record
    xmlns:xsi="http://www.w3.org/2001/XMLSchema-instance"
    xsi:schemaLocation="http://www.loc.gov/MARC21/slim http://www.loc.gov/standards/marcxml/schema/MARC21slim.xsd"
    xmlns="http://www.loc.gov/MARC21/slim">

  <leader>02600nam a2200325 i 4500</leader>
  <controlfield tag="003">CSPC</controlfield>
  <controlfield tag="005">20260421135705.0</controlfield>
  <controlfield tag="007">ta</controlfield>
  <controlfield tag="008">231121s2021    ph       m    000 0beng  </controlfield>
  <datafield tag="040" ind1=" " ind2=" ">
    <subfield code="a">CSPC </subfield>
    <subfield code="b">eng</subfield>
    <subfield code="c">CSPC </subfield>
    <subfield code="e">rda </subfield>
  </datafield>
  <datafield tag="090" ind1=" " ind2=" ">
    <subfield code="a">UTH BSOA Ol3i 2021</subfield>
  </datafield>
  <datafield tag="100" ind1="1" ind2=" ">
    <subfield code="a">Oliquino, Mary Jean S.A., </subfield>
    <subfield code="d">author.</subfield>
  </datafield>
  <datafield tag="245" ind1="1" ind2="4">
    <subfield code="a">The impact of online clases to Bachelor of Science in Office Administration students of Camarines Sur Polytechnic Colleges Buhi Campus  in the time of pandemic /</subfield>
    <subfield code="c">Mary Jean S.A. Oliquino, Estefani O. Arcill, and Cheenee R. Difuntorum. </subfield>
  </datafield>
  <datafield tag="260" ind1=" " ind2=" ">
    <subfield code="a">Buhi, Camarines Sur : </subfield>
    <subfield code="b">Camarines Sur Polytechnic Colleges,</subfield>
    <subfield code="c">2021.</subfield>
  </datafield>
  <datafield tag="300" ind1=" " ind2=" ">
    <subfield code="a">103 leaves :</subfield>
  </datafield>
  <datafield tag="336" ind1=" " ind2=" ">
    <subfield code="2">rdacontent</subfield>
    <subfield code="a">text</subfield>
  </datafield>
  <datafield tag="337" ind1=" " ind2=" ">
    <subfield code="2">rdamedia</subfield>
    <subfield code="a">unmediated</subfield>
  </datafield>
  <datafield tag="338" ind1=" " ind2=" ">
    <subfield code="2">rdacarrier</subfield>
    <subfield code="a">volume</subfield>
  </datafield>
  <datafield tag="502" ind1=" " ind2=" ">
    <subfield code="a">Undergraduate Thesis (BSOA)- Office Administration. </subfield>
    <subfield code="c">Camarines Sur Polytechnic Colleges, 2021</subfield>
  </datafield>
  <datafield tag="504" ind1=" " ind2=" ">
    <subfield code="a">Includes bibliographical references. </subfield>
  </datafield>
  <datafield tag="520" ind1="3" ind2=" ">
    <subfield code="a">The study focuses on The Impact of Onli9ne Classes to the Bachelor of Science in Office Administration and it includes the: profile of the BSOA students (Name, Age, Sex, Civil Status): There are challenges that the students are experiencing during online learning. There are strategies that may be used by the students to overcome the challenges. There are recommendations experiencing that can be proposed from this study. The respondents composed of 20. Descriptive method was used. Findings; studying online offers flexibility to students, particularly those who are already committed to work and/or family, it showed that students faced many obstacles in a home learning environment, such as lack of mastery of technology, high internet cost, and limited interaction/socialization between and among students. Recommendations: Learners connect with each other by introducing those with similar interests or goals. Encourage students to form study groups outside of class or engage in peer mentoring. Try creating a written schedule, breaking your tasks down into manageable chunks, planning accordingly and allocating yourself time every day to relax or socialize. Divide your work into urgent and non-urgent, and important and non-important tasks. </subfield>
  </datafield>
  <datafield tag="700" ind1="1" ind2=" ">
    <subfield code="a">Arcilla, Estefani O., </subfield>
    <subfield code="e">author.</subfield>
  </datafield>
  <datafield tag="700" ind1="2" ind2=" ">
    <subfield code="a">Difuntorum, Cheenee R., </subfield>
    <subfield code="e">author.</subfield>
  </datafield>
  <datafield tag="720" ind1="1" ind2=" ">
    <subfield code="a">Villar, Mariber M., </subfield>
    <subfield code="e">adviser.</subfield>
  </datafield>
  <datafield tag="720" ind1="1" ind2=" ">
    <subfield code="a">Rosal, Jhomer I., </subfield>
    <subfield code="e">panelist, chair.</subfield>
  </datafield>
  <datafield tag="720" ind1="1" ind2=" ">
    <subfield code="a">Infnate, Leonisa O., </subfield>
    <subfield code="e">panelist. </subfield>
  </datafield>
  <datafield tag="720" ind1="1" ind2=" ">
    <subfield code="a">Oliveros, Josefin N., </subfield>
    <subfield code="e">panelist.</subfield>
  </datafield>
  <datafield tag="942" ind1=" " ind2=" ">
    <subfield code="2">ddc</subfield>
    <subfield code="n">0</subfield>
    <subfield code="c">UM</subfield>
    <subfield code="h">Ol3i </subfield>
    <subfield code="i">BSOA </subfield>
    <subfield code="k">UTH </subfield>
    <subfield code="m">2021</subfield>
  </datafield>
  <datafield tag="952" ind1=" " ind2=" ">
    <subfield code="0">0</subfield>
    <subfield code="1">0</subfield>
    <subfield code="2">ddc</subfield>
    <subfield code="4">0</subfield>
    <subfield code="7">1</subfield>
    <subfield code="a">BUHI</subfield>
    <subfield code="b">BUHI</subfield>
    <subfield code="c">UTH</subfield>
    <subfield code="d">2023-11-21</subfield>
    <subfield code="l">0</subfield>
    <subfield code="o">UTH BSOA Ol3i 2021</subfield>
    <subfield code="p">00033UM-BUH</subfield>
    <subfield code="r">2023-11-21 00:00:00</subfield>
    <subfield code="t">1-1</subfield>
    <subfield code="w">2023-11-21</subfield>
    <subfield code="y">UM</subfield>
  </datafield>
  <datafield tag="999" ind1=" " ind2=" ">
    <subfield code="c">26583</subfield>
    <subfield code="d">26583</subfield>
  </datafield>
</record>
